KATSEYE - Paroles Mean Girls - Statistiques

Statistiques générales
  • Ce quiz a été pris 15 fois
  • Le résultat moyen est 304 sur 384
Statistiques - réponses
Hint Réponse % Correct
a
100%
girls
100%
Outro (Girls,
100%
girls,
100%
girls)
100%
me
100%
mean
100%
T
100%
And,
92%
and
92%
And
92%
bless
92%
even
92%
Post-refrain Even
92%
go
92%
Refrain God
92%
my
92%
Couplet 3 No,
92%
no
92%
not
92%
Pré-refrain Oh,
92%
(Oh)
92%
the
92%
Yeah,
92%
yeah,
92%
yeah
92%
yes,
92%
Couplet 1 | Couplet 2 Yes,
92%
yes
92%
You
92%
you
92%
give
83%
I
83%
respect,
83%
sweet
83%
dream
75%
in
75%
might
75%
own
75%
your
75%
you're
75%
You're
75%
bed
67%
But
67%
but
67%
free
67%
I'll
67%
making
67%
mess
67%
That
67%
that
67%
because
58%
best
58%
'cause
58%
forgive
58%
get
58%
hate
58%
I'm
58%
is
58%
neck
58%
pretty,
58%
queen
58%
shoot
58%
still
58%
they
58%
to
58%
want
58%
why
58%
below
50%
cheek
50%
forget
50%
getting
50%
hot
50%
it
50%
other
50%
right
50%
So
50%
This
50%
this
50%
what
50%
wishing
50%
ain't
42%
all
42%
can
42%
gonna
42%
happiness
42%
internet,
42%
it's
42%
acting
33%
bringing
33%
closer
33%
control
33%
home,
33%
love
33%
love,
33%
of
33%
shot
33%
thot
33%
turn
33%
up
33%
alone
25%
between
25%
don't
25%
hope
25%
insecurity's
25%
kill
25%
Sending
25%
baggage
17%
end
17%
unpacked
17%
ago
8%
years
8%
Aucun quiz correspondant
Distribution des résultats
% des personnes avec chaque résultat
Percentile par nombre de réponses
Votre historique - résultats
Vous n’avez pas pris ce quiz